| 000 | 00621nam a2200145Ia 4500 | ||
|---|---|---|---|
| 008 | 151213s9999 xx 000 0 und d | ||
| 100 | _aমুহাম্মদ বরকতউল্ল্্াহ | ||
| 245 |
_aপারশ্ব প্রতিভা। _cমুহাম্মদ বরকতউল্ল্্াহ |
||
| 260 |
_aঢাকা _bমোহাম্মদ আছাদুল্লাহ এন্ড ব্রাদার্স। _c1948 |
||
| 300 | _a8845 p. | ||
| 650 | _aBangla | ||
| 650 | _aজীবনী | ||
| 700 | _aমুহাম্মদ বরকতউল্ল্্াহ | ||
| 999 |
_c4630 _d4630 |
||